=LDR 00000nam 2200000 4500 =001 000409 =005 20250710033043 =035 ##$$a 0010-0725000271 =007 ta =008 250710################a##########0#ind## =020 ##$$a 978-602-244-271-4 =100 #$$a Permatasari anggraeni =245 1#$$a Sore seru suri /$c Anggraeni dian permatasari =250 ##$$a Cetakan pertama =260 ##$$a Jakarta Pusat :$b Pusat perbukuan,$c 2019 =300 ##$$a 32. : $b Ilus. ; $c 21 cm. =700 #$$a Stevannie odila =990 ##$$a TBM01330133